[Event "Stay Safe Play From Home 219"]
[Site "T#646719Emanuel Laske"]
[Date "2020.06.11"]
[Round "1"]
[White "Indianquant"]
[Black "Tobo Rubirosa"]
[Result "1-0"]
[WhiteElo "2327"]
[BlackElo "1644"]
[Annotator "TA"]
[PlyCount "69"]
[EventDate "2020.06.11"]
[EventType "swiss (blitz)"]

{[%evp 24,69,36,42,80,35,52,63,66,66,89,82,166,166,222,222,224,211,254,239,484,471,597,536,641,631,1118,756,1536,1441,1693,1660,1645,1582,29983,29978,29978,29979,29981,29982,29989,29984,29984,1535,1495,1418,29991,29992]} 1. Nf3 Nf6 2. c4 g6 3. Nc3 Bg7 4. e4 d6 5. d4 O-O 6. Be2 e5 7. O-O Nc6 8. d5 Ne7 9. b4 Nh5 10. Re1 Nf4 11. Bf1 a5 12. bxa5 Rxa5 13. a4 Ra8 {E97: King's Indian: Classical Main Line (6...e5 7 0-0 Nc6): 8 Be3 and 8 d5 Ne7, not 9 Ne1.} 14. Nd2 c5 15. Nb5 {[#]} b6 $146 {White is slightly better.} ({Predecessor:} 15... Ra6 16. Ra3 Bd7 17. g3 Nh3+ 18. Bxh3 Bxh3 19. g4 Bxg4 20. Qxg4 f5 21. Qh3 Qa5 {1-0 (42) Eljanov,P (2597)-Taboas Rodriguez,D (2309) Dos Hermanas 2004}) 16. Ra3 Ba6 17. Bb2 Bxb5 (17... Bh6 $16 {was worth a try.}) 18. cxb5 $18 f5 (18... Qd7 {keeps fighting.} 19. Nc4 Nc8) 19. g3 Nh5 {[#]} 20. exf5 $1 Nxf5 21. g4 $1 {[%csl LRf5,LRh5][%mdl 64] Double Attack} Qg5 $2 (21... Bh6 {is a better defense.}) 22. Ne4 Qf4 23. gxh5 {Strongly threatening Bc1.} Nh4 24. Bg2 Rf5 25. hxg6 Rg5 26. Nxg5 Qxg5 27. Rg3 Qf4 {[#]} 28. Re4 $1 Qf5 29. gxh7+ Qxh7 30. Rh3 Bf6 31. Qg4+ Kf7 32. Rxh4 Bxh4 33. Qxh4 (33. Qe6+ $142 Kf8 34. Qxd6+ {[%mdl 64] Double Attack} Be7 35. Qxe5 Rd8 36. Qf4+ Ke8 37. d6 Rxd6 38. Qxd6) 33... Qxh4 34. Rxh4 Rxa4 35. Rxa4 {White took control after the opening. Accuracy: White = 70%, Black = 24%.} 1-0

[Event "Stay Safe Play From Home 219"]
[Site "T#646719Emanuel Laske"]
[Date "2020.06.11"]
[Round "1"]
[White "Weltszmerc"]
[Black "Matanant"]
[Result "1-0"]
[WhiteElo "2187"]
[BlackElo "1802"]
[Annotator "RC"]
[PlyCount "67"]
[EventDate "2020.06.11"]
[EventType "swiss (blitz)"]

1. d4 {[%emt 0:00:01]} e6 {[%emt 0:00:17]} 2. c4 {[%emt 0:00:03]} f5 {[%emt 0:00:02]} 3. g4 {[%emt 0:00:02]} d5 {[%emt 0:00:05]} 4. g5 {[%emt 0:00:05]} g6 {[%emt 0:00:04]} 5. Nc3 {[%emt 0:00:02]} Be7 {[%emt 0:00:08]} 6. h4 {[%emt 0:00:01]} c6 {[%emt 0:00:07]} 7. Bg2 {[%emt 0:00:01]} dxc4 {[%emt 0:00:23]} 8. f4 {[%emt 0:00:13]} Bb4 {[%emt 0:00:18]} 9. h5 {[%emt 0:00:02]} Ne7 {[%emt 0:00:07]} 10. Nf3 {[%emt 0:00:18]} O-O {[%emt 0:00:11]} 11. Ne5 {[%emt 0:00:06]} Nd7 {[%emt 0:00:10]} 12. Nxc4 {[%emt 0:00:08]} Nd5 {[%emt 0:00:06]} 13. Bd2 {[%emt 0:00:03]} Bxc3 {[%emt 0:00:05]} 14. bxc3 {[%emt 0:00:02]} Qe7 {[%emt 0:00:06]} 15. hxg6 {[%emt 0:00:03]} hxg6 {[%emt 0:00:02]} 16. Rh6 {[%emt 0:00:01]} Kg7 {[%emt 0:00:03]} 17. Ne5 {[%emt 0:00:12]} Nxe5 {[%emt 0:00:02]} 18. dxe5 {[%emt 0:00:01]} Rh8 {[%emt 0:00:01]} 19. Rxh8 {[%emt 0:00:05]} Kxh8 {[%emt 0:00:01]} 20. c4 {[%emt 0:00:01]} Nb6 {[%emt 0:00:05]} 21. Qb3 {[%emt 0:00:01]} Kg7 {[%emt 0:00:04]} 22. O-O-O {[%emt 0:00:06]} Bd7 {[%emt 0:00:06]} 23. Rh1 {[%emt 0:00:10]} Rh8 {[%emt 0:00:04]} 24. Rxh8 {[%emt 0:00:02]} Kxh8 {[%emt 0:00:01]} 25. Qh3+ {[%emt 0:00:02]} Kg8 {[%emt 0:00:03]} 26. Kd1 {[%emt 0:00:17]} Qh7 {[%emt 0:00:03]} 27. Qxh7+ {[%emt 0:00:10]} Kxh7 {[%emt 0:00:01]} 28. Be3 {[%emt 0:00:00]} Nxc4 {[%emt 0:00:02]} 29. Bxa7 {[%emt 0:00:01]} b6 {[%emt 0:00:06]} 30. Bf3 {[%emt 0:00:01]} Kg7 {[%emt 0:00:02]} 31. Kc2 {[%emt 0:00:02]} Kf7 {[%emt 0:00:01]} 32. Kc3 {[%emt 0:00:00]} Na5 {[%emt 0:00:02]} 33. Bxb6 {[%emt 0:00:02]} Nb7 {[%emt 0:00:01]} 34. a4 {[%emt 0:00:02] Time} 1-0

[Event "Stay Safe Play From Home 219"]
[Site "T#646719Emanuel Laske"]
[Date "2020.06.11"]
[Round "1"]
[White "Lazieri3"]
[Black "Trotsky"]
[Result "1-0"]
[WhiteElo "2122"]
[BlackElo "1577"]
[Annotator "TA"]
[PlyCount "91"]
[EventDate "2020.06.11"]
[EventType "swiss (blitz)"]

{[%evp 11,91,-18,-24,-25,-1,-37,-28,-33,-31,-37,-21,-37,-14,-43,-35,-183,-181,-217,-104,-113,-38,-52,-40,-38,-30,-109,-48,-34,0,0,148,62,69,74,79,37,276,125,135,130,154,140,285,282,724,185,263,222,1045,1043,1091,1075,975,966,1033,937,1191,939,1251,1229,1161,1144,1290,989,6728,3527,29991,29992,29992,29993,29993,29993,29996,29994,29994,29995,29995,29995,29995,29995,29995,29995]} 1. e4 c5 2. Nc3 Nc6 3. Nf3 Nf6 4. Bc4 e6 5. d3 d6 6. Bg5 Be7 7. h3 {B50: Sicilian: 2...d6, Miscellaneous.} a6 8. O-O b5 9. Bb3 {Black has an edge.} Bb7 10. a3 {[#]} Qc7 $146 ({Predecessor:} 10... O-O 11. Re1 Qc7 12. Bf4 Rfd8 13. Qd2 Rac8 14. Re2 Nd4 15. Nxd4 cxd4 16. Na2 Nd7 17. Rc1 Nc5 18. Qd1 {½-½ (18) Kumpmann,U (1452)-Ternes,J (1557) Germany 2008}) 11. Re1 Rd8 12. Bf4 O-O 13. e5 ({Better is} 13. Rb1 $15) 13... dxe5 $1 $19 14. Nxe5 Nxe5 (14... Bd6 $1 $19 {has better winning chances.} 15. Nxf7 Bxf4 16. Nxd8 Nxd8 17. Bxe6+ Nxe6 18. Rxe6 Nd5 19. Nxd5 Bxd5) 15. Bxe5 $17 Bd6 (15... Qc6 $1 $17 {[%csl Gb7][%cal Rc6g2]} 16. f3 c4) 16. Bxd6 Qxd6 17. Qe2 Kh8 18. Ne4 (18. a4 $11) 18... Qc6 (18... Nxe4 $17 19. dxe4 c4) 19. f3 $15 Nh5 20. Qe3 Rde8 (20... c4 $11 {remains equal.} 21. Ba2 cxd3) 21. Qg5 (21. Qxc5 $16 Nf6 22. a4) 21... f5 22. Qxh5 {And now Ng5! would win.} fxe4 23. fxe4 ({But not} 23. Rxe4 Rf5 $11) 23... Rf6 $2 {[#]} ({Black should try} 23... c4 $14 24. dxc4 bxc4) 24. Rf1 (24. Bd5 $1 $18 {[%cal Rd5c6][%mdl 512] is the precise move to win.} Qd7 (24... exd5 25. exd5) 25. Bxb7) 24... Ref8 25. Rxf6 gxf6 26. Rf1 {Hoping for Qh6!} e5 (26... c4 $16) 27. Bd5 $18 Qb6 $2 {[#]} (27... Qc8 28. c4 Bxd5) 28. Bxb7 $2 $40 {[%mdl 128] White attacks with force.} (28. Qh6 $1 {[%cal Rh6f8]} Qd6 29. Bxb7) 28... c4+ (28... Qxb7 $142 29. Qf5 Qc6) 29. Kh2 Qd8 $2 (29... Qxb7 30. dxc4 bxc4) 30. Bd5 Qe7 31. dxc4 bxc4 32. Bxc4 Qg7 33. Qg4 Qe7 34. b3 Qd6 35. Rf5 Qe7 36. Qf3 Qg7 37. h4 h6 38. h5 Rg8 39. Bxg8 {White mates.} Kxg8 40. Rxf6 a5 {[#]} 41. Rg6 $1 a4 42. Rxg7+ Kxg7 43. bxa4 Kg8 44. Qf5 Kg7 45. Qxe5+ Kf7 46. Qd6 {Quite a comeback for White. Accuracy: White = 37%, Black = 41%.} 1-0

[Event "Stay Safe Play From Home 219"]
[Site "T#646719Emanuel Laske"]
[Date "2020.06.11"]
[Round "1"]
[White "Haxhi Baha"]
[Black "Timbre"]
[Result "1-0"]
[WhiteElo "1914"]
[BlackElo "1592"]
[Annotator "TA"]
[PlyCount "49"]
[EventDate "2020.06.11"]
[EventType "swiss (blitz)"]

{[%evp 12,48,55,45,83,33,34,18,10,16,0,-1,41,36,45,42,159,152,159,151,194,181,313,328,384,360,435,342,522,502,1201,1194,29981,29982,29982,29983,29984,29985,29999]} 1. e4 c6 2. Nf3 d5 3. Nc3 Bg4 4. h3 Bxf3 5. Qxf3 dxe4 6. Nxe4 e6 7. Bc4 Be7 {B11: Caro-Kann: Two Knights Variation.} 8. d3 Nf6 9. Bd2 Nbd7 {[#] The position is equal.} 10. Qg3 $146 ({Predecessor:} 10. Bc3 Nxe4 11. dxe4 {½-½ (12) Ajvazi,R (2120)-Zhdrella,F (1955) Pristina 2017}) 10... Nxe4 11. dxe4 O-O 12. O-O-O $36 {[%mdl 2048] White has the initiative.} Bf6 13. f4 g6 ({Better is} 13... e5 $14) 14. e5 Bg7 15. h4 h5 16. Qf3 Qc7 (16... c5 $142 17. Qxb7 Nb6) 17. g4 $18 hxg4 18. Qxg4 Nb6 19. Bd3 Nd5 (19... Na4 {might work better.} 20. Be3 Nxb2) 20. h5 Ne7 (20... b5 $142 21. hxg6 f5) 21. hxg6 Nf5 22. Bxf5 {White mates.} exf5 23. Qxf5 fxg6 24. Qxg6 Qf7 25. Qh7# {Accuracy: White = 89%, Black = 24%.} 1-0

[Event "Stay Safe Play From Home 219"]
[Site "T#646719Emanuel Laske"]
[Date "2020.06.11"]
[Round "1"]
[White "EnigmaG"]
[Black "Greblah"]
[Result "0-1"]
[WhiteElo "1716"]
[BlackElo "1911"]
[Annotator "TA"]
[PlyCount "168"]
[EventDate "2020.06.11"]
[EventType "swiss (blitz)"]

{[%evp 15,168,36,49,34,27,31,36,0,64,58,146,86,104,94,99,76,99,23,32,21,116,120,143,154,137,-1,188,122,193,77,141,48,86,90,74,51,51,16,24,16,36,0,0,0,33,18,85,45,28,29,39,0,0,0,0,0,0,0,37,0,0,0,0,0,0,0,0,0,0,-8,-11,-127,-128,-127,-56,-302,-294,-291,-124,-124,-124,-122,-125,-174,-170,-275,-225,-495,-176,-176,-170,-160,45,45,108,0,0,0,145,0,155,0,0,0,0,0,0,0,0,0,0,0,0,0,0,0,0,-6,0,-39,0,-12842,0,-1428,-1398,-12845,-12846,-12846,-12846,-12848,-12846,-12846,-12847,-12847,-12847,-12847,-12847,-12848,-12848,-12850,-12850,-12850,-12850,-12851,-27999,-12851,-27999,-29994,-27999,-29993,-27998,-27999,-27999,-27999,-27999]} 1. e4 c6 2. d4 d5 3. exd5 cxd5 4. Nf3 Nc6 5. Bd3 g6 6. O-O Bg7 7. c3 Nh6 8. Bf4 O-O 9. Qd2 {B13: Caro-Kann: Exchange Variation and Panov-Botvinnik Attack.} Nf5 10. Re1 a6 {[#]} 11. Qc1 $146 {White is slightly better.} ({Predecessor:} 11. Na3 Nd6 12. Bh6 Bf5 13. Bxg7 Kxg7 14. Bxf5 Nxf5 15. Nc2 e6 16. Ne3 Nxe3 17. Rxe3 {1-0 (58) Sveshnikov,V (2377)-Bolsakovs,V (2117) Riga 2017}) 11... b5 (11... f6 $11) 12. Nbd2 $14 Bb7 (12... b4 $14) 13. Nb3 (13. Bxf5 $142 $1 gxf5 14. Nb3) 13... Nd6 $16 14. Nc5 Bc8 15. Qd2 Nc4 16. Qc2 (16. Bxc4 $16 bxc4 17. h3) 16... Bg4 $11 17. Nd2 Nxd2 (17... e5 $11 18. dxe5 Qb6) 18. Qxd2 $16 Na5 19. Bh6 Nc4 20. Qf4 (20. Bxc4 $1 $16 Bxh6 21. Qxh6 bxc4 22. Qg5) 20... Bc8 $2 (20... Bxh6 $11 {and Black has nothing to worry.} 21. Qxh6 Nxb2) 21. b3 (21. Bxg7 $18 Kxg7 22. Bxc4 bxc4 23. Qe5+ Kg8 24. Qxe7) 21... Nd6 (21... Bxh6 $16 {was worth a try.} 22. Qxh6 Nd6) 22. Bc2 (22. Bxg7 $18 {and the rest is easy.} Kxg7 23. a4) 22... Bf5 (22... Bxh6 $142 23. Qxh6 Bf5) 23. Bxf5 (23. Bxg7 $16 Kxg7 24. Bxf5 Nxf5 25. g4) 23... Nxf5 24. Bxg7 Nxg7 25. Re2 e6 26. Rae1 a5 27. Qd2 Qd6 28. Nb7 Qb6 (28... Qe7 $5 29. Nc5 $8 a4 $11) 29. Nc5 Rfd8 30. a3 Rab8 (30... Rdc8 $11) 31. b4 axb4 32. axb4 Ra8 33. Qb2 Nf5 {[%cal Bg7f5,Bf5d6,Bd6c4,Bc4a3][%mdl 32]} 34. Ra1 Nd6 35. Ree1 Nc4 36. Qc2 Na3 37. Qb3 Nc4 38. Qc2 Ra7 39. Ra2 Rda8 $36 {[%mdl 2048] Black has some pressure.} 40. Rea1 $1 Rxa2 (40... Qb8 {is more complex.} 41. g3 Kg7 42. Kg2 Rxa2 43. Rxa2 Qd8) 41. Rxa2 Ra7 42. Rxa7 Qxa7 43. h3 (43. g3 $11) 43... Qa1+ $17 44. Kh2 Qe1 (44... Qb2 $1 $17 {[%cal Rb2c2]} 45. Qxb2 Nxb2) 45. Nd7 $2 (45. Nd3 $15 Qf1 46. Nf4) 45... Kg7 $19 {And now ...Nd2 would win.} 46. Ne5 Qd2 (46... Nxe5 $19 {is more deadly.} 47. dxe5 Qxe5+ 48. g3 d4 49. cxd4 Qxd4) 47. Qxd2 $17 Nxd2 {[%mdl 4096] Endgame KN-KN} 48. Nc6 Ne4 49. Na7 Nxc3 50. f3 (50. Nc6 $142) 50... f6 51. Kg3 $2 (51. g4) 51... Kf7 $2 (51... Ne2+ 52. Kf2 Nxd4) 52. Kf2 e5 53. Ke3 exd4+ $2 (53... g5 $17 54. Kd2 Na2 55. Nxb5 Nxb4) 54. Kxd4 $14 Ne2+ (54... Na2 $14) 55. Ke3 (55. Kxd5 $16 Nf4+ 56. Kc6) 55... Nc1 56. Nxb5 {aiming for Nc7.} Ke6 {[#]} (56... Na2 $11 {remains equal.}) 57. Nc7+ (57. Nc3 $1 $16) 57... Ke5 $2 {[#]} (57... Kd6 $1 $11 58. Nb5+ Ke6) 58. b5 $2 ({White should try} 58. f4+ $1 $16 Kd6 59. Nb5+ Kc6 60. Nc3) 58... d4+ $11 59. Kd2 Nb3+ 60. Kd3 Nc5+ 61. Kd2 Kd6 62. b6 Kc6 63. Ne8 f5 64. Nf6 h6 65. Nh7 Kxb6 {Threatens to win with ...Nd7.} 66. Nf6 g5 67. Nh5 f4 68. Ng3 $2 {[%mdl 8192]} (68. Ng7 $11) 68... Kb5 $2 ({Better is} 68... fxg3 $19 69. Ke2 Ne6) 69. Ne2 $2 {[%mdl 8192]} (69. Nf5 $11) 69... Kc4 $19 70. Nxd4 Kxd4 {KN-K3P} 71. Ke2 Nd3 72. Kf1 Nc1 73. Kg1 Ke3 74. Kh2 Kf2 75. h4 Nd3 76. Kh3 gxh4 77. Kg4 Kxg2 {KN-KP} 78. Kh5 h3 79. Kxh6 h2 80. Kg6 h1=Q 81. Kf6 {Black mates.} Qf1 82. Ke7 Qxf3 83. Kd6 Qe4 {( -> ...f3)} 84. Kc7 Qe5+ {Both players deserved the win here. Accuracy: White = 51%, Black = 58%.} 0-1

[Event "Stay Safe Play From Home 219"]
[Site "T#646719Emanuel Laske"]
[Date "2020.06.11"]
[Round "1"]
[White "Fingerfehler1"]
[Black "Position"]
[Result "0-1"]
[WhiteElo "1614"]
[BlackElo "1993"]
[Annotator "TA"]
[PlyCount "56"]
[EventDate "2020.06.11"]
[EventType "swiss (blitz)"]

{[%evp 15,55,7,3,-8,18,-23,0,-67,-57,-75,-64,-54,-55,-58,-51,-64,0,0,122,145,320,321,314,-264,0,-153,0,-294,-302,-305,-307,-308,-300,-852,-819,-862,-859,-848,-683,-1356,-853,-29999]} 1. e4 c5 2. Nf3 d6 3. d4 cxd4 4. Nxd4 Nf6 5. Nc3 a6 6. Bc4 e6 7. a4 Be7 8. O-O O-O 9. Bg5 {B86: Sicilian Scheveningen/Najdorf: 6 Bc4, without early ...b5.} Nbd7 10. Bb3 Nc5 {[#]} 11. Ba2 $146 (11. Qf3 $11) ({Predecessor:} 11. Re1 Nxb3 12. Nxb3 b6 13. f3 Bb7 14. Be3 Rc8 15. a5 b5 16. Bb6 Qe8 17. Qd2 Nd7 18. Bf2 Ne5 19. Ra2 {1-0 (42) Jouault,L-Le Feuvre,P St Helier 2004}) 11... Ncxe4 12. Nxe4 Nxe4 13. Bxe7 Qxe7 14. Re1 d5 15. c4 Rd8 ({Black should try} 15... Qf6 $15 16. Re2 Rd8) 16. cxd5 $1 $11 exd5 (16... Nf6 $1 $11 {remains equal.}) 17. f3 $16 Qh4 $2 (17... Qe5 $16) 18. fxe4 $18 dxe4 19. Bb1 $4 {[%mdl 8192] [#]} (19. Qb3 $18 {and all is fine.}) 19... Bf5 $2 (19... Rxd4 $1 $19 {[%mdl 512]} 20. Qe2 (20. Qxd4 Qxe1#) 20... Bf5) 20. Bc2 $2 ({Only move:} 20. Nxf5 $11 Rxd1 21. Rxd1) 20... Bg6 $2 (20... Qf6 $17 21. Bxe4 Rxd4 {[%mdl 64] Double Attack}) 21. Ra3 $2 {[%mdl 8192] [#]} (21. a5 $1 $11 {and White stays safe.}) 21... Rxd4 $1 $19 {[%mdl 512]} 22. Qe2 (22. Qxd4 Qxe1#) 22... Rad8 {And now ...Rd2 would win.} 23. Rh3 Qg5 {Hoping for ...Rd2.} 24. Bxe4 $2 (24. Rg3 Qe5 25. Qe3) 24... Bxe4 25. Rg3 Qc5 {aiming for ...Rd1+.} 26. Kh1 Bg6 27. h4 h5 28. Rg5 Rxh4# {Accuracy: White = 51%, Black = 45%.} 0-1

[Event "Stay Safe Play From Home 219"]
[Site "T#646719Emanuel Laske"]
[Date "2020.06.11"]
[Round "1"]
[White "Klasman"]
[Black "Little champs"]
[Result "0-1"]
[WhiteElo "1522"]
[BlackElo "2117"]
[Annotator "TA"]
[PlyCount "84"]
[EventDate "2020.06.11"]
[EventType "swiss (blitz)"]

{[%evp 9,83,-20,-20,-17,-20,-12,-12,-41,-22,-70,-67,-293,-289,-302,-215,-261,-261,-331,-311,-314,-297,-490,-472,-613,-594,-667,-651,-670,-656,-709,-720,-1020,-799,-882,-781,-926,-833,-930,-922,-944,-925,-1011,-1013,-947,-795,-802,-750,-921,-912,-884,-868,-853,-849,-1665,-1202,-29981,-29982,-29992,-29993,-29993,-29990,-29990,-29991,-29991,-29992,-29995,-29996,-29996,-29995,-29997,-29996,-29996,-29996,-29997,-29998,-29999]} 1. f4 c6 2. c4 d5 3. cxd5 cxd5 4. d4 Nf6 5. Nf3 Bf5 6. Nc3 {[#] A03: Bird's Opening with 1...d5.} a6 $146 ({Predecessor:} 6... Nc6 7. a3 h6 8. e3 e6 9. Bb5 Be7 10. Qa4 Qb6 11. Ne5 Rc8 12. Bd2 O-O {½-½ (54) Kopiec,M (1754)-Stolarczyk,A (1918) Ustron 2019}) 7. e3 e6 8. Ne5 {The position is equal.} Nbd7 9. Qa4 b5 10. Bxb5 $2 (10. Qd1 $15) 10... axb5 $19 11. Qxb5 Qa5 12. Nxd7 Nxd7 13. O-O Qxb5 14. Nxb5 {intending Nc7+.} Rc8 15. Bd2 $2 (15. Nc3) 15... Bd3 16. Na7 Rc7 17. Rac1 Rxa7 18. Rc8+ Ke7 19. Bb4+ Kf6 20. Rf2 g6 21. g4 Kg7 22. Bc3 Ba6 23. Rc6 Nf6 24. a3 Ne4 25. Rc2 Bd3 26. Rc1 Nxc3 27. R1xc3 Be4 28. Rc7 Rxc7 29. Rxc7 Bd6 30. Rd7 Bb8 31. b4 Rc8 32. Kf2 Rc2+ {Black mates.} 33. Kg3 Rg2+ 34. Kh4 Rxh2+ 35. Kg3 Rg2+ 36. Kh3 Re2 37. Rb7 Rxe3+ {[%mdl 64] [#] Double Attack} 38. Kh2 Bxf4+ 39. Kg1 Re2 40. Kf1 Bd3 41. Kg1 Be3+ {[%mdl 64] [#] Double Attack} 42. Kh1 Be4# {White did not feel at home in the position after the opening. Accuracy: White = 11%, Black = 85%.} 0-1

[Event "Stay Safe Play From Home 219"]
[Site "T#646719Emanuel Laske"]
[Date "2020.06.11"]
[Round "2"]
[White "Little champs"]
[Black "Edmatuag"]
[Result "1-0"]
[WhiteElo "2118"]
[BlackElo "1663"]
[Annotator "TA"]
[PlyCount "67"]
[EventDate "2020.06.11"]
[EventType "swiss (blitz)"]

{[%evp 12,67,0,-4,2,0,-11,-24,55,45,51,56,77,34,68,86,83,83,87,80,111,108,119,119,122,99,87,84,117,74,102,106,95,95,109,102,116,111,115,97,122,98,89,55,75,70,105,71,66,81,275,275,275,276,277,277,292,206]} 1. d4 d5 2. e3 Nf6 3. Nf3 c5 4. dxc5 Nc6 5. c4 e6 6. Nc3 Bxc5 7. a3 O-O {D40: Queen's Gambit Declined: Semi-Tarrasch with 5 e3.} 8. b4 Bd6 9. c5 {[#]} Be5 $146 ({Better is} 9... Bc7 $11) ({Predecessor:} 9... Bb8 10. Bd3 e5 11. Be2 h6 12. Bb2 Be6 13. Qc2 Qc8 14. Rd1 Ne7 15. g3 Nd7 {1-0 (42) Zarecky,E (1831)-Vagovsky,J (1782) Slovakia 2018}) 10. Nxe5 $14 Nxe5 11. Bb2 Nc6 12. Bb5 Qc7 13. O-O Ne7 14. Ba4 a6 15. Bc2 Ng6 16. Na4 Bd7 17. Nb6 Rad8 18. Bxf6 gxf6 19. Qd4 Qe5 20. Rad1 Bb5 21. Rfe1 Qxd4 22. exd4 Kg7 23. a4 Bc4 24. Bxg6 hxg6 25. Rc1 Bd3 26. Re3 Bf5 27. b5 axb5 28. axb5 Rfe8 29. c6 bxc6 30. bxc6 {[#] Hoping for c7.} e5 $2 {Loses the game.} (30... Rb8 $16 {might work better.} 31. Rb3 e5) 31. c7 $18 {White has a decisive advantage.} Rd6 32. c8=Q Bxc8 33. Nxc8 Ra6 {[#] ...Rxc8 is the strong threat.} 34. Ree1 {Accuracy: White = 76%, Black = 57%.} 1-0

[Event "Stay Safe Play From Home 219"]
[Site "T#646719Emanuel Laske"]
[Date "2020.06.11"]
[Round "2"]
[White "Position"]
[Black "Lazieri3"]
[Result "0-1"]
[WhiteElo "1997"]
[BlackElo "2124"]
[Annotator "TA"]
[PlyCount "92"]
[EventDate "2020.06.11"]
[EventType "swiss (blitz)"]

{[%evp 11,92,64,60,44,68,48,48,35,36,42,39,39,38,21,30,0,0,0,0,0,12,-20,-19,-29,-9,-18,-14,-21,41,-14,0,0,0,0,93,79,1238,47,1049,1041,908,88,29966,29968,29966,29968,29968,29969,29969,29970,29969,29970,29970,29968,29966,29958,5422,5414,5414,140,139,139,138,133,133,125,129,131,131,0,122,74,126,0,120,0,192,28,127,125,139,-1927,-1393]} 1. e4 c6 2. Nf3 d5 3. Nc3 dxe4 4. Nxe4 Nd7 5. d4 Ndf6 6. Ng3 Bg4 7. Be2 {B17: Caro-Kann: Modern Line (4...Nd7).} (7. c3 {seems wilder.} e6 8. Bd3 Qd5 9. Be2 Bd6 10. Nf1) 7... Nh5 {[#]} 8. O-O $146 (8. Nf1 {with more complications.} Nhf6 9. Ne3 Bh5 10. Nc4 e6 11. O-O) ({Predecessor:} 8. Nxh5 Bxh5 9. O-O e6 10. c4 Nf6 11. Be3 Bd6 12. h3 Qc7 13. Re1 O-O 14. Rc1 Rfd8 {1-0 (76) Rantanen,V (1985)-Reuben,S (2074) Novi Sad 2017}) 8... Nxg3 9. hxg3 {White is slightly better.} Nf6 10. c3 e6 11. Qb3 Qb6 12. Qc2 Bf5 13. Bd3 Bxd3 14. Qxd3 Be7 15. Re1 O-O 16. Ng5 h6 17. Ne4 Nxe4 18. Rxe4 Bf6 19. Rg4 Qb5 (19... Rfd8 $11) 20. Qf3 ({White should try} 20. Qxb5 $14 cxb5 21. Bxh6) 20... Bg5 21. a4 Qb3 22. Bxg5 {White threatens Bf6 and mate.} hxg5 (22... f5 $1 $11 23. Rh4 (23. Bxh6 fxg4 24. Qxg4 Rf7 $11) 23... hxg5) 23. Rxg5 $16 {And now Qf6 would win.} Qxb2 $2 {[%mdl 8192] [#]} (23... f6 $16 24. Rh5 Qxb2) 24. Re1 $2 (24. Qf6 $1 $18 {[%csl Gg5][%cal Rf6g7][%mdl 512]} Qxa1+ {[%mdl 64] Double Attack} 25. Kh2) 24... Rad8 $2 {[%mdl 8192]} (24... f5 $14) 25. Qf6 $18 {[%csl Gg5][%cal Rf6g7]} g6 {[#]} 26. Ree5 $2 $40 {[%mdl 128] White has strong attack.} (26. Rg4 $1 $18 {[%mdl 512] has better winning chances. Threatening mate with Rh4.} Rd5 27. Rh4) 26... Rd5 $2 {[%mdl 8192] [#]} (26... Qb1+ $16 27. Kh2 Rd5) 27. Rxg6+ $1 {[%mdl 512]} fxg6 28. Qxg6+ Kh8 29. Qh6+ Kg8 30. Qxe6+ Kg7 31. Qg4+ Kh8 32. Qh4+ Kg8 33. Qg5+ $1 Kh8 34. Qh6+ Kg8 {[#]} 35. Re7 $2 (35. Qg6+ $1 $18 {is the precise move to win.} Kh8 36. Re7 Qxf2+ 37. Kh2) 35... Qxf2+ $16 36. Kh2 {[%csl Ge7][%cal Rh6h7]} Qf7 37. Rxf7 Rxf7 {[%mdl 4096] Endgame KQ-KRR} 38. Qg6+ Rg7 39. Qe8+ Kh7 40. g4 (40. Kh3 $16) 40... Rdg5 (40... Rxg4 $11 41. Kh3 Rg7) 41. Qe4+ Kh8 (41... R7g6 $142) 42. Qe8+ Kh7 $1 {[#]} 43. Qe4+ (43. Kh3 $1 $16) 43... Kh6 $2 (43... Kh8 $1 $11 {and Black stays safe.}) 44. Qe6+ $2 ({Better is} 44. Kh3 $18) 44... R5g6 (44... R7g6 $1 $11 45. Qe3 Kh7) 45. Qe3+ Kh7 46. Qh3+ $2 {[%mdl 8192]} (46. Qe4 $16) 46... Rh6 {Quite a comeback for Black. Accuracy: White = 56%, Black = 52%.} 0-1

[Event "Stay Safe Play From Home 219"]
[Site "T#646719Emanuel Laske"]
[Date "2020.06.11"]
[Round "2"]
[White "Chesstiger9"]
[Black "Klasman"]
[Result "0-1"]
[WhiteElo "1991"]
[BlackElo "1518"]
[Annotator "TA"]
[PlyCount "58"]
[EventDate "2020.06.11"]
[EventType "swiss (blitz)"]

{[%evp 18,57,2,5,47,34,41,45,45,49,60,50,78,79,93,43,54,50,56,-19,30,25,25,20,18,25,29,0,0,-4,-10,-76,329,-84,-52,-1262,-680,-641,-412,-627,-381,-29999]} 1. d4 f5 2. g3 Nf6 3. Bg2 e6 4. Nf3 c6 5. O-O d5 6. b3 Bd6 7. Bb2 O-O 8. e3 Ne4 9. Nbd2 Nd7 {[%cal Bb8d7,Bd7f6,Bf6e4][%mdl 32]} 10. c4 Ndf6 {E01: Catalan: Early deviations.} 11. Rc1 Bd7 12. Ne5 Nxd2 {White is slightly better.} 13. Qxd2 {[#]} Ne4 $146 ({Predecessor:} 13... Be8 14. f3 Nd7 15. Nd3 Bg6 16. Qe2 Qc7 17. Nf2 Rae8 18. e4 f4 19. e5 fxg3 20. hxg3 {½-½ (84) Sole Monistrol,F (1942)-Sanuy Moncasi,A (2071) Tornabous 2014}) 14. Qd1 Bxe5 15. dxe5 Qg5 16. f4 Qg6 17. Bxe4 fxe4 18. cxd5 (18. Ba3 $14) 18... cxd5 19. Rc7 Bc6 20. Ba3 Rf7 21. Rxf7 Kxf7 22. Qd4 h5 23. Qc5 Re8 24. b4 (24. Bb4 $11 {keeps the balance.}) 24... h4 $2 {[%mdl 8192] [#]} (24... a6 $17 {keeps the pressure on.}) 25. Kg2 $2 (25. b5 $18) 25... Qg4 26. Rf2 $2 {[%mdl 8192]} (26. b5 $15) 26... h3+ 27. Kg1 Qd1+ 28. Rf1 Qe2 {[%csl Gh3][%cal Re2g2]} 29. f5 $2 {[#]} (29. Rf2 $19 Qd1+ 30. Rf1) 29... Qg2# {Accuracy: White = 44%, Black = 53%.} 0-1